<?xml version="1.0" encoding="UTF-8"?>
<record
    xmlns:xsi="http://www.w3.org/2001/XMLSchema-instance"
    xsi:schemaLocation="http://www.loc.gov/MARC21/slim http://www.loc.gov/standards/marcxml/schema/MARC21slim.xsd"
    xmlns="http://www.loc.gov/MARC21/slim">

  <leader>02819cam a22002295a 4500</leader>
  <controlfield tag="005">20201128024328.0</controlfield>
  <controlfield tag="008">110719s2011    caua   frb    001 0 eng d</controlfield>
  <datafield tag="020" ind1=" " ind2=" ">
    <subfield code="a">9781848601147</subfield>
  </datafield>
  <datafield tag="040" ind1=" " ind2=" ">
    <subfield code="a">UV0</subfield>
    <subfield code="b">eng</subfield>
    <subfield code="c">UV0</subfield>
    <subfield code="d">UV0</subfield>
    <subfield code="d">MNM</subfield>
    <subfield code="d">YDXCP</subfield>
    <subfield code="d">OCLCQ</subfield>
    <subfield code="d">SGPBL</subfield>
    <subfield code="d">E7B</subfield>
    <subfield code="d">IDEBK</subfield>
    <subfield code="d">OCLCO</subfield>
    <subfield code="d">VLB</subfield>
    <subfield code="d">N$T</subfield>
    <subfield code="d">OCLCQ</subfield>
    <subfield code="d">OCLCF</subfield>
    <subfield code="d">CHVBK</subfield>
    <subfield code="d">COO</subfield>
    <subfield code="d">OCLCQ</subfield>
    <subfield code="d">Uk</subfield>
    <subfield code="d">EG-ScBUE</subfield>
    <subfield code="e">pn</subfield>
  </datafield>
  <datafield tag="082" ind1="0" ind2="4">
    <subfield code="a">330.9</subfield>
    <subfield code="2">22</subfield>
    <subfield code="b">SAG</subfield>
  </datafield>
  <datafield tag="245" ind1="0" ind2="4">
    <subfield code="a">The Sage handbook of economic geography /</subfield>
    <subfield code="c">edited by Andrew Leyshon ... [et al.]</subfield>
  </datafield>
  <datafield tag="260" ind1=" " ind2=" ">
    <subfield code="a">Thousand Oaks :</subfield>
    <subfield code="b">Sage,</subfield>
    <subfield code="c">2011.</subfield>
  </datafield>
  <datafield tag="300" ind1=" " ind2=" ">
    <subfield code="a">xv, 411 p. :</subfield>
    <subfield code="b">ill. ;</subfield>
    <subfield code="c">24 cm.</subfield>
  </datafield>
  <datafield tag="504" ind1=" " ind2=" ">
    <subfield code="a">Includes bibliographical references and indexes.</subfield>
  </datafield>
  <datafield tag="505" ind1="0" ind2=" ">
    <subfield code="a">Locating Location Models / Jurgen Essletzbichler -- The Quantitative Revolution and Economic Geography / Trevor Barnes -- The 'New Economic Geography': Credible Models of the Economic Landscape? / Ron Martin -- Making Sense of Globalization Hegemonic and Counter-Hegemonic Geographies / Richard Peet, Ipsita Chatterjee and Elaine Hartwick -- Unpacking Globalisation: Changing Geographies of the Global Economy / Neil M. Coe -- The Consequences of Economic Globalization / Peter Sunley -- The Local in the Global / Martin Jones -- Critical Sociospatial Theory and the Geographies of Uneven Spatial Development / Neil Brenner -- Space, Place and Labour / Philip Kelly -- The Geographies of Capitalism / Susan Christopherson -- Capitalism and Social Justice / Paul Routledge -- Globalisation and the City / Jonathan V. Beaverstock, James R. Faulconbridge and Michael Hoyler -- Towards a Critical Economic Geography of Workfare / Michael Samers -- The Economy Of Nature: From Political Ecology to the Social Construction of Nature / Gavin Bridge -- The Antonymies of Sustainable Development: Sustaining What, How, and for Whom / David Demeritt -- Towards Visceral Entanglements: Knowing and Growing the Economic Geographies Of Food / Michael K. Goodman -- Geographies of Economic Decline / Ray Hudson -- Geographies of Economic Growth I: Industrial and Technology Regions / Nick Henry and Stuart Dawley -- Geographies of Economic Growth II: Money and Finance / Michael Pryke -- Geographies of Retailing and Consumption: The Shopping List Compendium / Louise Crewe -- An Economic Geography of the Cultural Industries / Andy C. Pratt -- Doing Gender, Performing Work / Linda Mcdowell -- Feminist Economic Geographies / Louise Johnson -- Ordinary Economic Geographies: Can Economic Geographies Be Non-Economic? / Roger Lee -- Towards a Non-Economic, Economic Geography? From Black Boxes to the Cultural Circuit of Capital in Economic Geographies of Firms and Managers / Andrew Leyshon.</subfield>
  </datafield>
  <datafield tag="650" ind1=" " ind2="7">
    <subfield code="a">Economic geography.</subfield>
    <subfield code="2">BUEsh</subfield>
    <subfield code="9">2330</subfield>
  </datafield>
  <datafield tag="651" ind1=" " ind2=" ">
    <subfield code="2">BUEsh</subfield>
  </datafield>
  <datafield tag="653" ind1=" " ind2=" ">
    <subfield code="b">BUSECO</subfield>
    <subfield code="c">April2018</subfield>
    <subfield code="c">May2018</subfield>
  </datafield>
  <datafield tag="690" ind1="7" ind2=" ">
    <subfield code="a">Management and Business Studies</subfield>
    <subfield code="2">blcoll</subfield>
  </datafield>
  <datafield tag="700" ind1="1" ind2=" ">
    <subfield code="a">Leyshon, Andrew,</subfield>
    <subfield code="t">editor.</subfield>
  </datafield>
  <datafield tag="942" ind1=" " ind2=" ">
    <subfield code="2">ddc</subfield>
  </datafield>
  <datafield tag="999" ind1=" " ind2=" ">
    <subfield code="c">26560</subfield>
    <subfield code="d">26532</subfield>
  </datafield>
  <datafield tag="952" ind1=" " ind2=" ">
    <subfield code="0">0</subfield>
    <subfield code="1">0</subfield>
    <subfield code="2">ddc</subfield>
    <subfield code="4">0</subfield>
    <subfield code="7">0</subfield>
    <subfield code="8">Baccah</subfield>
    <subfield code="a">MAIN</subfield>
    <subfield code="b">MAIN</subfield>
    <subfield code="c">1ST</subfield>
    <subfield code="d">2018-04-21</subfield>
    <subfield code="e">Purchase</subfield>
    <subfield code="g">932.00</subfield>
    <subfield code="h">21201</subfield>
    <subfield code="l">0</subfield>
    <subfield code="o">330.9 SAG</subfield>
    <subfield code="p">000043210</subfield>
    <subfield code="r">2025-07-15 00:00:00</subfield>
    <subfield code="v">1165.00</subfield>
    <subfield code="y">BB</subfield>
  </datafield>
</record>
